Kiss Gyula a Független Kisgazda, Földmunkás és Polgári Párt új, országos főtitkára.
Elmentve itt :
| Dokumentumtípus: | Cikk |
|---|---|
| Megjelent: |
1990-05-12
|
| Sorozat: | Heti Világgazdaság
|
| Kulcsszavak: | Végzett hallgató, Kiss Gyula |
| Online Access: | http://univ.bibl.u-szeged.hu/26344 |
| LEADER | 00491nab a2200145 i 4500 | ||
|---|---|---|---|
| 001 | univ26344 | ||
| 005 | 20171214105019.0 | ||
| 008 | 171214s1990 hu o 0|| zxx d | ||
| 040 | |a SZTE UnivHistória Repozitórium |b hun | ||
| 041 | |a zxx | ||
| 245 | 0 | 0 | |a Kiss Gyula a Független Kisgazda, Földmunkás és Polgári Párt új, országos főtitkára. |h [elektronikus dokumentum] |
| 260 | |c 1990-05-12 | ||
| 490 | 0 | |a Heti Világgazdaság | |
| 561 | |a Egyetemi hirarchívum | ||
| 695 | |a Végzett hallgató, Kiss Gyula | ||